| 000 | 06876cam a22019934i 4500 | ||
|---|---|---|---|
| 003 | PE-LiUPU | ||
| 005 | 20250813165831.0 | ||
| 008 | 150706s2010 sp a rb 00i 0 spa d | ||
| 020 | _a8498353475 | ||
| 020 | _a9788498353471 | ||
| 035 | _a(Sirsi) i9788498353471 | ||
| 040 |
_aPE-LiUPU _bspa _cPE-LiUPU _dPE-LiUPU _erda |
||
| 049 | _aPRUA | ||
| 082 | 0 | 4 |
_a612.39 _bG48 _221 |
| 082 | 0 | 4 |
_a612.39 _bG48 T2 2010 _221 |
| 100 | 1 |
_aGil Hernández, Ángel, _eautor. |
|
| 245 | 1 | 0 |
_aTratado de nutrición T2 : _bcomposición y calidad nutritiva de los alimentos / _cÁngel Gil Hernández. |
| 250 | _a2a edición. | ||
| 264 | 1 |
_aMadrid : _bMédica Panamericana, _c2010. |
|
| 300 |
_a786 páginas : _bilustraciones ; _c28 centímetros |
||
| 336 |
_atext _2rdacontent |
||
| 337 |
_aunmediated _2rdamedia |
||
| 338 |
_avolume _2rdacarrier |
||
| 504 | _aIncluye bibliografía al final de cada capitulo. | ||
| 505 | 0 | _aLeche y derivados lácteos -- Carnes y derivados -- Pescados y mariscos -- Huevos y ovoproductos -- Cereales y productos derivados -- Legumbres, verduras y productos hortícolas -- Frutas y productos derivados -- Frutos secos -- Azúcares, miel y productos de confitería -- Grasas y aceites -- Bebidas alcohólicas -- Bebidas refrescantes -- Café, té, cacao y productos derivados -- Nuevas fuentes de nutrientes -- Compuestos bioactivos de los alimentos de origen vegetal -- Aditivos alimentarios -- Alimentos funcionales -- Complementos alimenticios -- Alimentos transgénicos -- Influencia de los procesos tecnológicos sobre el valor nutritivo de los alimentos -- Calidad nutritiva de los alimentos -- Métodos para la evaluación de la ingesta de alimentos -- Tablas de composición de alimentos y bases de datos nutricionales -- Seguridad alimentaria -- Higiene de los alimentos -- Toxicología de los alimentos -- Etiquetado y publicidad de los alimentos. | |
| 526 | _aP203 | ||
| 526 | _aP200 | ||
| 526 | _aSEG65 | ||
| 526 | _aSEG64 | ||
| 526 | _aSEG63 | ||
| 526 | _aSEG62 | ||
| 526 | _aSEG61 | ||
| 526 | _aSEG60 | ||
| 526 | _aSEG59 | ||
| 526 | _aSEG58 | ||
| 526 | _aSEG57 | ||
| 526 | _aSEG56 | ||
| 526 | _aSEG55 | ||
| 526 | _aSEG54 | ||
| 526 | _aSEG53 | ||
| 526 | _aSEG52 | ||
| 526 | _aSEG51 | ||
| 526 | _aSEG50 | ||
| 526 | _aSEG49 | ||
| 526 | _aSEG48 | ||
| 526 | _aSEG47 | ||
| 526 | _aSEG46 | ||
| 526 | _aSEG24 | ||
| 526 | _aSEG23 | ||
| 526 | _aSEG22 | ||
| 526 | _aSEG21 | ||
| 526 | _aSEG20 | ||
| 526 | _aSEG19 | ||
| 526 | _aSEG18 | ||
| 526 | _aSEG17 | ||
| 526 | _aSEG16 | ||
| 526 | _aSEG14 | ||
| 526 | _aSEG13 | ||
| 526 | _aSEG12 | ||
| 526 | _aSEG11 | ||
| 526 | _aSEG10 | ||
| 526 | _aSEG09 | ||
| 526 | _aSEG06 | ||
| 526 | _aSEG05 | ||
| 526 | _aSEG04 | ||
| 526 | _aSEG03 | ||
| 526 | _aSEG02 | ||
| 526 | _aSEG68 | ||
| 526 | _aSEG66 | ||
| 526 | _aSEG45 | ||
| 526 | _aSEG25 | ||
| 526 | _aSEG01 | ||
| 526 | _aP163 | ||
| 526 | _aP162 | ||
| 526 | _aP161 | ||
| 526 | _aP160 | ||
| 526 | _aP159 | ||
| 526 | _aP158 | ||
| 526 | _aP157 | ||
| 526 | _aP156 | ||
| 526 | _aP155 | ||
| 526 | _aP154 | ||
| 526 | _aP153 | ||
| 526 | _aP152 | ||
| 526 | _aP151 | ||
| 526 | _aP150 | ||
| 526 | _aP149 | ||
| 526 | _aP142 | ||
| 526 | _aP141 | ||
| 526 | _aP140 | ||
| 526 | _aP139 | ||
| 526 | _aP138 | ||
| 526 | _aP137 | ||
| 526 | _aP132 | ||
| 526 | _aP131 | ||
| 526 | _aP130 | ||
| 526 | _aP126 | ||
| 526 | _aP125 | ||
| 526 | _aP124 | ||
| 526 | _aP123 | ||
| 526 | _aP115 | ||
| 526 | _aP122 | ||
| 526 | _aP121 | ||
| 526 | _aP116 | ||
| 526 | _a P114 | ||
| 526 | _aP112 | ||
| 526 | _aP111 | ||
| 526 | _aP104 | ||
| 526 | _aP103 | ||
| 526 | _aP102 | ||
| 526 | _aP101 | ||
| 526 | _aP100 | ||
| 526 | _aP96 | ||
| 526 | _aP95 | ||
| 526 | _aP93 | ||
| 526 | _aP92 | ||
| 526 | _aP91 | ||
| 526 | _aP88 | ||
| 526 | _aP83 | ||
| 526 | _aP82 | ||
| 526 | _aP79 | ||
| 526 | _aP78 | ||
| 526 | _aP75 | ||
| 526 | _aP74 | ||
| 526 | _aP71 | ||
| 526 | _aP69 | ||
| 526 | _a P51 | ||
| 526 | _aP49 | ||
| 526 | _aP48 | ||
| 526 | _aP47 | ||
| 526 | _aP33 | ||
| 526 | _aP31 | ||
| 526 | _a P30 | ||
| 526 | _aP29 | ||
| 526 | _aP27 | ||
| 526 | _aP26 | ||
| 526 | _aP25 | ||
| 526 | _aP24 | ||
| 526 | _a P22 | ||
| 526 | _aP10 | ||
| 526 | _aP09 | ||
| 526 | _a P08 | ||
| 526 | _aP06 | ||
| 526 | _aP05 | ||
| 526 | _aP04 | ||
| 526 | _aP01 | ||
| 541 | _g001-003347; | ||
| 541 | _g0001-0000123; | ||
| 541 | _g0001-0000123; | ||
| 541 | _g001-000071; | ||
| 541 | _g0024188; | ||
| 650 | 0 | 4 |
_aNutrición. _9394 |
| 650 | 0 | 4 |
_aAlimentos _xCalidad. |
| 910 |
_agl _bjv _clch _d20130228 |
||
| 910 |
_armch _btvq _crmch _d20170719 |
||
| 942 |
_2ddc _cBOOK |
||
| 949 |
_a612.39 G48 2 _wDEWEY _c1 _i63680 _lCCODEBUL1 _mBUL _p85.00 _r0 _sY _tBOOK _u2015-7-6 _xSALUD _PP31 _o.STAFF. Colección Ciencias de la Salud |
||
| 949 |
_a612.39 G48 2 _wDEWEY _c2 _i65103 _lCCODEBUL1 _mBUL _p330.00 _r0 _sY _tBOOK _u2015-7-6 _xSALUD _PP22 _o.STAFF. Colección Ciencias de la Salud |
||
| 949 |
_a612.39 G48 2 _wDEWEY _c3 _i65104 _lCCODEBUL1 _mBUL _p330.00 _r0 _sY _tBOOK _u2015-7-6 _xSALUD _PP22 _o.STAFF. Colección Ciencias de la Salud |
||
| 949 |
_a612.39 G48 2 _wDEWEY _c4 _i66565 _lCCODEBUL1 _mBUL _p89.00 _r0 _sY _tBOOK _u2015-7-6 _xSALUD _PP31 _o.STAFF. Colección Ciencias de la Salud |
||
| 949 |
_a612.39 G48 T2 2010 _wDEWEY _c1 _iFJ08103 _lCCODEBUJ1 _mBUJ _p70.55 _r0 _sY _tBOOK _u2017-7-19 _xSALUD _PP22 _o.STAFF. Colección General Juliaca |
||
| 994 |
_aC0 _bPEPRU |
||
| 596 | _a1 3 | ||
| 999 |
_a612.39 G48 2 _wDEWEY _c52585 _i63680 _d52585 _e2016-9-12 _f2021-11-3 _g5 _lCCODEBUL1 _mBUL _n6 _p85.00 _q2 _r0 _sY _tBOOK _u2015-7-6 _xSALUD _zP31 _0COMPRA _o.STAFF. Colección Ciencias de la Salud |
||
| 999 |
_a612.39 G48 2 _wDEWEY _c2 _i65103 _d2019-8-22 _e2016-11-14 _f2021-11-3 _g5 _lCCODEBUL1 _mBUL _n4 _p330.00 _q8 _r1 _sY _tBOOK _u2015-7-6 _xSALUD _zP22 _0COMPRA _o.STAFF. Colección Ciencias de la Salud |
||
| 999 |
_a612.39 G48 2 _wDEWEY _c3 _i65104 _d2019-6-24 _e2018-9-9 _f2021-11-3 _g5 _lCCODEBUL1 _mBUL _n7 _p330.00 _q3 _r1 _sY _tBOOK _u2015-7-6 _xSALUD _zP22 _0COMPRA _o.STAFF. Colección Ciencias de la Salud |
||
| 999 |
_a612.39 G48 2 _wDEWEY _c4 _i66565 _d2019-8-4 _e2019-5-31 _f2021-11-3 _g5 _lCCODEBUL1 _mBUL _n8 _p89.00 _q5 _r0 _sY _tBOOK _u2015-7-6 _xSALUD _zP31 _0COMPRA _o.STAFF. Colección Ciencias de la Salud |
||
| 999 |
_a612.39 G48 T2 2010 _wDEWEY _c1 _iFJ08103 _d2019-10-15 _f2022-1-25 _g4 _lCCODEBUJ1 _mBUJ _p70.55 _q5 _r0 _sY _tBOOK _u2017-7-19 _xSALUD _PP22 _0COMPRA _o.STAFF. Colección General Juliaca |
||
| 980 |
_81 _gALBERTO SANCHEZ Responsable de Automatización |
||